| 000 | 01065cam a22002771 4500 | ||
|---|---|---|---|
| 001 | 1224334 | ||
| 003 | ARRUPE | ||
| 005 | 20150529110751.0 | ||
| 008 | 850515s1966 nyu b 000 0 eng | ||
| 010 | _a 65015374 | ||
| 040 |
_aDLC/ICU _cICU _dDLC |
||
| 050 | 0 | 0 |
_aQB602.9 _bD43 1967 |
| 082 | 0 | 0 | _a520.1 |
| 100 | 1 |
_aDe Grazia, Alfred (ed.) _eed. _917715 |
|
| 245 | 1 | 4 |
_aThe Velikovsky affair; _bthe warfare of science and scientism. _c/ edited by Alfred de Grazia, Ralph E. Juergens and Livio Stecchini |
| 260 |
_aNew Hyde Park, N.Y., _bUniversity Books _c[1966] |
||
| 300 |
_a260 p. _c22 cm. |
||
| 500 | _aConsists of papers published in the September, 1963, issue of the American behavioral scientist, together with new material. | ||
| 504 | _aIncludes bibliographies. | ||
| 600 | 1 | 0 |
_aVelikovsky, Immanuel, _d1895-1979. _tWorlds in collision. _917716 |
| 650 |
_aScientism _917942 |
||
| 700 |
_aJuergens, Ralph E _eed. _917940 |
||
| 700 |
_aStecchini, Livio C _eed. _917941 |
||
| 906 |
_a7 _bcbc _corignew _du _eocip _f19 _gy-gencatlg |
||
| 942 |
_2lcc _cMONOGRAPH |
||
| 999 |
_c122813 _d122813 |
||